Centrum chorvátskej kultúry, Jarovce
Enregistré dans:
| Auteur principal: | |
|---|---|
| Autres auteurs: | |
| Format: | Manuscrit Livre |
| Langue: | slovaque |
| Publié: |
2025
|
| Sujets: | |
| Accès en ligne: | http://is.stuba.sk/zp/portal_zp.pl?podrobnosti=162089 |
| Tags: |
Pas de tags, Soyez le premier à ajouter un tag!
|
MARC
| LEADER | 00000ntm a22000003a 4500 | ||
|---|---|---|---|
| 001 | stuzp104681 | ||
| 003 | SK-STU | ||
| 005 | 20250614213256.9 | ||
| 007 | ta | ||
| 008 | 150427s2015----xo-----f-mn---000-0-slo-d | ||
| 040 | |a STU |b slo | ||
| 041 | 0 | |a slo | |
| 100 | 1 | |a Novoveská, Natália |u 058180 |4 aut |U FAD Fakulta architektúry a dizajnu |T FAD Ústav architektúry občianskych budov |X 110344 |U A8180 |Y 399 |7 110344 | |
| 242 | 0 | 1 | |a Croatian Cultural Center, Jarovce |y eng |
| 245 | 1 | 0 | |a Centrum chorvátskej kultúry, Jarovce |
| 260 | |c 2025 | ||
| 650 | 4 | |a Light |2 eng | |
| 650 | 4 | |a Identity |2 eng | |
| 650 | 4 | |a Community |2 eng | |
| 650 | 4 | |a Cultural center |2 eng | |
| 650 | 4 | |a Jarovce |2 eng | |
| 650 | 4 | |a svetlo |2 slo | |
| 650 | 4 | |a identita |2 slo | |
| 650 | 4 | |a komunita |2 slo | |
| 650 | 4 | |a Kultúrne centrum |2 slo | |
| 650 | 4 | |a Jarovce |2 slo | |
| 700 | 1 | |a Bátor, Jozef |u 058180 |k Z1 |4 ths |U FAD Fakulta architektúry a dizajnu |T FAD Ústav architektúry občianskych budov |X 4810 |U A8180 |Y 399 |7 A000004810 | |
| 856 | 4 | |u http://is.stuba.sk/zp/portal_zp.pl?podrobnosti=162089 | |